000 01051nas a2200349 4500
001 BR0101285
003 BR-BrBNA
005 20231205102114.0
007 ta
008 230509b bl.|||p| |||| 00| 00por d
040 _aBR-BrBNA
_bpor
_cBiblioteca Nacional de Agricultura
041 _a(Pt)
072 _aQ54; L51
100 1 _aOliveira, M.A. de
100 1 _aPereira, O.G.
100 1 _aGarcia, R.
100 1 _aObeid, J.A.
100 1 _aCecon, P.R.
100 1 _aMoraes, S.A. de
100 1 _aSilveira, P.R. da
245 1 _aRendimento e valor nutritivo do capim-Tifton 85 (Cynodon spp.)em diferentes idades de rebrota
650 _aGraminea Forrageira
650 _aProteina Bruta
650 _aValor Nutritivo
650 _aDigestibilidade
650 _aRendimento
650 _aRebrota
650 _aMateria Seca
773 0 _tRevista Brasileira de Zootecnia (Brazil)
_xISSN 1516-3598
_g(Nov-Dec 2000), v. 29(6)Suplemento 1 p. 1949-1960
_wBR0101285
909 _a202311
_bLúcia
_c55
_dLúcia Elande
942 _2AGRIS
_n0
_cANA
999 _c165771
_d165771